[Event "Shenzhen"]
[Site "Shenzhen"]
[Date "1992.??.??"]
[Round "11"]
[White "Adorjan, Andras"]
[Black "Petrosian, Arshak B"]
[Result "1/2-1/2"]
[WhiteElo "2550"]
[BlackElo "2460"]
[PlyCount "53"]
[EventDate "1992.??.??"]
[Source "ChessBase"]

1. c4 e6 2. Nc3 Nf6 3. e4 d5 4. e5 d4 5. exf6 dxc3 6. bxc3 Qxf6 7. d4 e5 8. Nf3 exd4 9. Bg5 Qe6+ 10. Be2 Be7 11. cxd4 Bxg5 12. Nxg5 Qe7 13. Qd2 O-O 14. O-O Nd7 15. Rfe1 h6 16. Nf3 c5 17. Rad1 Nf6 18. d5 Qd6 19. Qb2 Re8 20. h3 Bd7 21. Bd3 Rxe1+ 22. Rxe1 Rb8 23. Ne5 Be8 24. Qe2 a6 25. Qe3 Kf8 26. Qf4 Rd8 27. Qf5 1/2-1/2

[Event "Memorial Narciso Yepes (open)"]
[Site "Lorca (Spain)"]
[Date "2007.06.??"]
[Round "3"]
[White "Flores Diego (ARG)"]
[Black "Giaccio Alfredo (ARG)"]
[Result "1-0"]
[WhiteElo "2543"]
[BlackElo "2466"]
[PlyCount "87"]
[EventDate "2007.??.??"]
[Source "www.chesslib.no"]
[SourceDate "2004.05.04"]

1. c4 Nf6 2. Nc3 e6 3. e4 d5 4. e5 d4 5. exf6 dxc3 6. bxc3 Qxf6 7. Nf3 b6 8. d4 Bb7 9. Bd3 Bxf3 10. Qxf3 Qxf3 11. gxf3 f5 12. d5 Na6 13. dxe6 Nc5 14. Bxf5 g6 15. Be4 O-O-O 16. Bg5 Re8 17. O-O-O Bg7 18. e7 Ne6 19. Bh4 g5 20. Bg3 Rxe7 21. Kc2 Nc5 22. Rhe1 Bf6 23. Rd5 h5 24. Rf5 Rh6 25. h4 Nxe4 26. fxe4 gxh4 27. Bf4 Rg6 28. e5 Bg7 29. Bg5 Re8 30. f4 h3 31. Rh1 Bh6 32. Bxh6 Rxh6 33. Rxh3 h4 34. Rg5 Rc6 35. Kb3 Rd8 36. f5 Rc5 37. f6 Rf8 38. Rxh4 Kb7 39. Rf4 Kc6 40. f7 Kd7 41. Rg8 Ke7 42. e6 Re5 43. Rxf8 Kxf8 44. Rf6 1-0

[Event "Bern Cup"]
[Site "Bern"]
[Date "1996.??.??"]
[Round "2"]
[White "Petursson, Margeir"]
[Black "Lagunow, Alexander"]
[Result "1/2-1/2"]
[WhiteElo "2585"]
[BlackElo "2420"]
[PlyCount "67"]
[EventDate "1996.??.??"]
[Source "ChessBase"]

1. c4 Nf6 2. Nc3 e6 3. e4 d5 4. e5 d4 5. exf6 dxc3 6. bxc3 Qxf6 7. Nf3 e5 8. Qe2 Nc6 9. d4 Bg4 10. d5 Bxf3 11. gxf3 Nb8 12. f4 Nd7 13. Bh3 Bd6 14. O-O O-O-O 15. c5 Bxc5 16. fxe5 Qh4 17. Kg2 Kb8 18. f4 g5 19. fxg5 h6 20. g6 Rhg8 21. Bxd7 Rxg6+ 22. Kh1 Rxd7 23. c4 Rd8 24. Bf4 Qh3 25. Rad1 Rdg8 26. d6 Rg2 27. dxc7+ Kc8 28. Qe4 R2g6 29. Rd8+ Rxd8 30. cxd8=Q+ Kxd8 31. Rb1 Qd7 32. Qf3 Ke8 33. Bg3 Bb6 34. Rd1 1/2-1/2

[Event "Novi Sad"]
[Site "?"]
[Date "1990.??.??"]
[Round "?"]
[White "Cifuentes"]
[Black "Inkiov"]
[Result "1-0"]
[WhiteElo "2480"]
[BlackElo "2510"]
[PlyCount "65"]
[EventDate "1990.??.??"]
[Source "www.chesslib.no"]
[SourceDate "2004.05.04"]

1. c4 Nf6 2. Nc3 e6 3. e4 d5 4. e5 Ne4 5. Nxe4 dxe4 6. Qg4 Nc6 7. Qxe4 Qd4 8. Qxd4 Nxd4 9. Kd1 Bd7 10. d3 Bc6 11. Ne2 Bc5 12. Be3 O-O-O 13. Nxd4 Bxd4 14. Bxd4 Rxd4 15. Kc2 Rhd8 16. Re1 b5 17. cxb5 Bxb5 18. Re3 Rf4 19. f3 Rd5 20. Re4 Rxe4 21. fxe4 Rc5+ 22. Kd2 Bc6 23. d4 Ra5 24. Bc4 Bxe4 25. Rf1 Bd5 26. Kc3 c5 27. Rxf7 cxd4+ 28. Kb4 Bxc4 29. Kxa5 d3 30. Rf2 Bxa2 31. Kb4 Bd5 32. Kc3 Be4 33. Rf7 1-0

[Event "Virton Open"]
[Site "Virton op"]
[Date "1989.??.??"]
[Round "?"]
[White "Miles, Anthony J"]
[Black "Cifuentes Parada, Roberto"]
[Result "1/2-1/2"]
[WhiteElo "2520"]
[BlackElo "2470"]
[PlyCount "118"]
[EventDate "1989.??.??"]
[Source "www.chesslib.no"]
[SourceDate "2004.05.04"]

1. c4 e6 2. Nc3 Nf6 3. e4 d5 4. e5 d4 5. exf6 dxc3 6. bxc3 Qxf6 7. d4 c5 8. Nf3 cxd4 9. Bg5 Qf5 10. cxd4 Bb4+ 11. Bd2 Bxd2+ 12. Qxd2 Nc6 13. Bd3 Qa5 14. Be4 Bd7 15. Rb1 O-O-O 16. Ke2 Qxd2+ 17. Kxd2 f5 18. Bc2 Be8 19. Kc3 Bh5 20. Rbd1 Bxf3 21. gxf3 g6 22. Rhe1 e5 23. dxe5 Rxd1 24. Bxd1 Re8 25. f4 Nd8 26. Kd3 Ne6 27. Ke3 Rd8 28. Bf3 Nd4 29. Rc1 Nxf3 30. Kxf3 Rd3+ 31. Ke2 Rd4 32. Ke3 Re4+ 33. Kf3 Kd7 34. h4 Ke6 35. Rc3 h6 36. Rd3 Rxc4 37. Rd6+ Kf7 38. h5 Rc3+ 39. Kg2 gxh5 40. Rf6+ Kg7 41. Rxf5 Rc6 42. Rxh5 Kg6 43. Rh1 Ra6 44. Kg3 h5 45. Rb1 Kf5 46. Rxb7 h4+ 47. Kxh4 Kxf4 48. e6 Rxe6 49. Rf7+ Ke4 50. Rxa7 Rf6 51. Ra4+ Kf3 52. Kg5 Rf8 53. Rc4 Rg8+ 54. Kf5 Kxf2 55. Ke4 Ke2 56. Kd4 Kd2 57. Kc5 Rc8+ 58. Kb4 Rb8+ 59. Ka4 Rb1 1/2-1/2

[Event "13th Open"]
[Site "Pula CRO"]
[Date "1999.05.31"]
[Round "3"]
[White "Rukavina, J."]
[Black "Dizdar, G."]
[Result "1/2-1/2"]
[WhiteElo "2426"]
[BlackElo "2563"]
[PlyCount "96"]
[EventDate "1999.??.??"]
[Source "www.chesslib.no"]
[SourceDate "2004.05.04"]

1. c4 e6 2. Nc3 Nf6 3. e4 d5 4. e5 d4 5. exf6 dxc3 6. bxc3 Qxf6 7. Nf3 e5 8. Bd3 Na6 9. O-O Bd6 10. Re1 O-O 11. Qc2 h6 12. Bh7+ Kh8 13. Be4 Nc5 14. d4 exd4 15. cxd4 Nxe4 16. Qxe4 Bf5 17. Qh4 Qxh4 18. Nxh4 Rfe8 19. Bd2 Be4 20. Nf3 c5 21. Ne5 Bxe5 22. dxe5 Bd3 23. Rac1 Rad8 24. Bf4 b6 25. Rc3 Bf5 26. h4 Rd4 27. g3 Be6 28. Rec1 Red8 29. Kg2 Rd1 30. Rxd1 Rxd1 31. Be3 Kh7 32. Kf3 Kg6 33. Kf4 h5 34. Ke4 Bf5+ 35. Kf4 Rd3 36. Rxd3 Bxd3 37. a3 Bxc4 38. Ke4 Bf1 39. Bg5 Bg2+ 40. f3 c4 41. Bd2 Bf1 42. Bc3 Be2 43. Kf4 Bd1 44. Bd4 Kh7 45. g4 Kg8 46. gxh5 Kf8 47. Ke4 Ke7 48. Be3 Bc2+ 1/2-1/2

[Event "Tan Cup"]
[Site "Beijing"]
[Date "1996.??.??"]
[Round "2"]
[White "Stohl, Igor"]
[Black "Li Wenliang"]
[Result "1/2-1/2"]
[WhiteElo "2560"]
[BlackElo "2425"]
[PlyCount "28"]
[EventDate "1996.08.??"]
[Source "ChessBase"]

1. c4 Nf6 2. Nc3 e6 3. e4 d5 4. e5 d4 5. exf6 dxc3 6. bxc3 Qxf6 7. d4 e5 8. Qe2 Be7 9. dxe5 Qg6 10. Qe3 Nc6 11. Ne2 Bg4 12. f3 Be6 13. Nf4 Qf5 14. Nxe6 Qxe6 1/2-1/2

[Event "Bucharest ENE"]
[Site "Bucharest"]
[Date "1993.??.??"]
[Round "1"]
[White "Schwartzman, Gabriel"]
[Black "Timoshenko, Georgy"]
[Result "1/2-1/2"]
[WhiteElo "2480"]
[BlackElo "2505"]
[PlyCount "99"]
[EventDate "1993.??.??"]
[Source "ChessBase"]

1. c4 Nf6 2. Nc3 e6 3. e4 d5 4. e5 d4 5. exf6 dxc3 6. bxc3 Qxf6 7. d4 e5 8. Nf3 exd4 9. Bg5 Qe6+ 10. Be2 f6 11. Nxd4 Qf7 12. Bf4 Bc5 13. O-O O-O 14. Nb5 Na6 15. Qd5 c6 16. Qxf7+ Rxf7 17. Nd6 Re7 18. Rfe1 g5 19. Nxc8 Rxc8 20. Bg4 Rxe1+ 21. Rxe1 Rd8 22. Bc1 Kg7 23. Bf5 Nc7 24. g4 Ne8 25. Be3 Bxe3 26. Rxe3 Nd6 27. Re7+ Kg8 28. Bxh7+ Kf8 29. Rc7 Nxc4 30. Rxb7 a5 31. Ra7 Rd1+ 32. Kg2 Rc1 33. Be4 Rxc3 34. Bxc6 Ne5 35. Be4 Rc4 36. f3 Nxg4 37. Rxa5 Ne5 38. h3 Ke7 39. a4 Rc3 40. Ra6 Ra3 41. Ra8 Nc4 42. Kg3 Ke6 43. Ra6+ Ke5 44. Kg4 Ra1 45. Kh5 Rh1 46. Kg6 Rxh3 47. Rxf6 Rh6+ 48. Kxh6 Kxf6 49. Kh5 Na5 50. Kg4 1/2-1/2

[Event "Martinez Acosta B"]
[Site "Martinez Acosta B"]
[Date "1995.??.??"]
[Round "?"]
[White "Bericat, Angel Hugo"]
[Black "Brooks, Ian S"]
[Result "0-1"]
[WhiteElo "2505"]
[BlackElo "2475"]
[PlyCount "98"]
[EventDate "1995.??.??"]
[Source "www.chesslib.no"]
[SourceDate "2004.05.04"]

1. c4 Nf6 2. Nc3 e6 3. e4 d5 4. e5 Ne4 5. Nf3 Be7 6. d4 c5 7. cxd5 Nxc3 8. bxc3 Qxd5 9. Bd3 Nc6 10. O-O cxd4 11. cxd4 b6 12. Bb2 Nb4 13. Be2 Qd7 14. a3 Nd5 15. Qb3 Bb7 16. Bb5 Bc6 17. Bxc6 Qxc6 18. Rfc1 Qd7 19. g3 O-O 20. Qd3 Rfc8 21. Nd2 Rxc1+ 22. Rxc1 Rc8 23. Rxc8+ Qxc8 24. Ne4 Qc6 25. Qd2 b5 26. f3 Qc4 27. Kf2 h6 28. Qc1 Kf8 29. f4 Nb6 30. Qb1 Na4 31. Qc1 Ke8 32. Nd2 Nxb2 33. Qxb2 Qa4 34. Qc3 Kd7 35. Nb1 Qd1 36. Qb2 a6 37. Ke3 f5 38. Nc3 Qg1+ 39. Kd3 Qf1+ 40. Ke3 g5 41. Ne2 Qg2 42. Qa2 gxf4+ 43. gxf4 Bh4 44. Qa1 Qe4+ 45. Kd2 Be7 46. Qb2 Qf3 47. a4 bxa4 48. Qb6 a3 49. Qa7+ Ke8 0-1

[Event "Jakarta zt"]
[Site "Jakarta"]
[Date "1993.??.??"]
[Round "6"]
[White "Johansen, Darryl K"]
[Black "Handoko, Edhi"]
[Result "1/2-1/2"]
[WhiteElo "2500"]
[BlackElo "2475"]
[PlyCount "82"]
[EventDate "1993.01.??"]
[Source "ChessBase"]

1. c4 Nf6 2. Nc3 e6 3. e4 d5 4. e5 Ne4 5. Nf3 c6 6. Qc2 Nxc3 7. dxc3 Nd7 8. Bf4 Qa5 9. Bd3 h6 10. h4 dxc4 11. Bxc4 b5 12. Be2 b4 13. O-O bxc3 14. bxc3 Be7 15. Nd4 Bxh4 16. Bf3 O-O 17. Nxc6 Qc7 18. Rab1 Nb6 19. Rfd1 Nd5 20. Bxd5 exd5 21. Nb4 Be6 22. Nxd5 Qa5 23. c4 Rac8 24. Rbc1 Rfd8 25. Qe4 Rd7 26. Be3 Bd8 27. c5 Qxa2 28. Nf4 Rxd1+ 29. Rxd1 Bg5 30. Nxe6 Bxe3 31. Qxe3 Qxe6 32. Qe4 f6 33. Rd5 fxe5 34. Rxe5 Qc6 35. Qc4+ Kh7 36. Qc2+ Qg6 37. Qa2 a6 38. Re6 Qd3 39. Rd6 Qe4 40. Re6 Qd3 41. Rd6 Qe4 1/2-1/2

[Event "XX Carlos Torre Magistral"]
[Site "Merida MEX"]
[Date "2007.12.18"]
[Round "5"]
[White "Nogueiras Santiago, J."]
[Black "Ibarra Chami, L."]
[Result "1-0"]
[WhiteElo "2549"]
[BlackElo "2416"]
[PlyCount "65"]
[EventDate "2007.12.15"]
[Source "www.chesslib.no"]
[SourceDate "2004.05.04"]

1. c4 Nf6 2. Nc3 e6 3. e4 d5 4. e5 d4 5. exf6 dxc3 6. bxc3 Qxf6 7. d4 b6 8. Nf3 Bb7 9. Bd3 Nd7 10. Bg5 Bxf3 11. Qd2 Bxg2 12. Bxf6 Bxh1 13. Bh4 h6 14. Qe2 Bd6 15. f3 g5 16. Bg3 Bxg3+ 17. hxg3 g4 18. fxg4 O-O-O 19. Qf1 Bb7 20. Qxf7 Rhf8 21. Qh7 Rf6 22. O-O-O Bf3 23. Rf1 Rdf8 24. Qe7 c6 25. c5 Kc7 26. Re1 bxc5 27. Rxe6 Rxe6 28. Qxe6 Rf6 29. Qg8 cxd4 30. cxd4 Bd5 31. Qa8 Be6 32. Qxa7+ Kd6 33. Be2 1-0